000
00297nam a22001217a 4500
008
180207b xxu||||| |||| 00| 0 eng d
041
_a
eng
080
_a
617
100
_a
5
101
_a
KIR
245
_a
Plastic and reconstructive surgery of the eye and adnexa
_c
Troutman,B.C
942
_2
udc
_c
BK
999
_c
42031
_d
42031